| 000 | 00000nam 2200000zi 4500 |
| 001 | 9.939816 |
| 003 | CaOODSP |
| 005 | 20240722101608 |
| 006 | m o d f |
| 007 | cr bn||||||||| |
| 008 | 240625t20242024onc oz f000 0 fre d |
| 020 | |a9780660725222 |
| 040 | |aCaOODSP|bfre|erda|cCaOODSP |
| 041 | 0 |aeng|afre |
| 043 | |an-cn---|ae-uk--- |
| 086 | 1 |aFR4-2024/5-PDF |
| 130 | 0 |aAccord entre le Gouvernement du Canada et le Gouvernement du Royaume-Uni de Grande Bretagne et d'Irlande du Nord sur les services aériens |d(2022 mai 18) |
| 245 | 10|aUnited Kingdom of Great Britain and Northern Ireland / Air - Agreement between the Government of Canada and the Government of the United Kingdom of Great Britain and Northern Ireland Concerning Air Services = |bRoyaume-uni de Grande-Bretagne et d'Irlande du Nord / Air - Accord entre le Gouvernement du Canada et le Gouvernement du Royaume-Uni de Grande Bretagne et d'Irlande du Nord sur les services aériens. |
| 246 | 31|aRoyaume-uni de Grande-Bretagne et d'Irlande du Nord / Air - Accord entre le Gouvernement du Canada et le Gouvernement du Royaume-Uni de Grande Bretagne et d'Irlande du Nord sur les services aériens |
| 264 | 1|a[Ottawa] : |bTreaty Law Division of the Department of Foreign Affairs, Trade and Development = Direction du droit des traités du Ministère des affaires étrangères, du commerce et du développement, |c[2024] |
| 264 | 4|a©2024 |
| 300 | |a1 ressource en ligne (23, 23 pages). |
| 336 | |atexte|btxt|2rdacontent/fre |
| 337 | |ainformatique|bc|2rdamedia/fre |
| 338 | |aressource en ligne|bcr|2rdacarrier/fre |
| 490 | 1 |aTreaty series = |aRecueil des traités ; |v2024/5 |
| 500 | |a« Fait à Leipzig le 18 mai 2022. En vigueur le 20 février 2024. » |
| 500 | |aNumérotation répétée sur les pages suppléants. |
| 546 | |aTexte en anglais et en français. |
| 650 | 6|aTransports aériens|xDroit|zCanada|vLégislation. |
| 650 | 6|aTransports aériens|xDroit|zGrande-Bretagne|vLégislation. |
| 651 | 6|aCanada|xRelations extérieures|vTraités. |
| 651 | 6|aGrande-Bretagne|xRelations extérieures|vTraités. |
| 655 | 7|aTraiteĢs|2rvmgf |
| 710 | 1 |aCanada. |bAffaires mondiales Canada. |bDirection du droit des traités, |eorganisme de publication. |
| 710 | 1 |aCanada, |eparticipant à un traité. |
| 710 | 1 |aGrande-Bretagne, |eparticipant à un traité. |
| 788 | |tUnited Kingdom of Great Britain and Northern Ireland / Air - Agreement between the Government of Canada and the Government of the United Kingdom of Great Britain and Northern Ireland Concerning Air Services = |eeng|w(CaOODSP)9.939815 |
| 830 | #0|aCanada treaty series ;|v2024/5.|w(CaOODSP)9.811738 |
| 856 | 40|qPDF|s707 Ko|uhttps://publications.gc.ca/collections/collection_2024/amc-gac/FR4-2024-5.pdf |